Thème ds espagnol du 10/04 - Statistiques

Statistiques générales
  • Ce quiz a été pris 25 fois
  • Le résultat moyen est 10 sur 30
Statistiques - réponses
Hint Réponse % Correct
Quelqu’un Alguien
100%
Moi Mí (avec accent)
86%
Mon / ma Mi (sans accent)
86%
Le militant El activista / el militante / el defensor
75%
Le sujet El tema
75%
La chanson La canción
75%
L’origine EL origen
67%
Commencer Empezar / comenzar
67%
L’urgence La urgencia / la emergencia
67%
Chanter Cantar
63%
Merveilleux Maravilloso
60%
Le coupable El culpable
57%
Au sujet de Acerca de / a propósito de / con respecto a
50%
Quelque chose Algo
50%
Quelque Alguno
50%
Chercher (qqch) Buscar
50%
Consacrer / dédier Dedicar
50%
Le système El sistema
50%
Incroyable Increíble
50%
La recherche La búsqueda
50%
Un autre / une autre Otro / otra
44%
L’étude El estudio
43%
La puissance La potencia
43%
La théorie La teoría
43%
Pour la première fois Por primera vez
43%
Regarder la télé / un film Ver la tele / ver una película
43%
L’analyse El análisis
40%
Le chanteur El cantante
40%
Formidable Estupendo
40%
En parler / parler de cela Hablar de eso / hablar de esto / hablar de ello
40%
La vidéo El vídeo
38%
Jusqu’à / même Hasta
38%
Militer pour Defender / promover / militar
33%
Le commencement / le début El principio / el comienzo / el inicio
33%
La croyance La creencia
33%
La pensée El pensamiento
29%
À ce sujet Al respecto
25%
Le militantisme El activismo / la militancia
25%
Le pouvoir El poder
25%
S’émouvoir Emocionarse
25%
Pour la 2ème fois Por segunda vez
25%
Dépasser (doubler) Adelantar
20%
Y croire / le croire Creerlo
20%
À la recherche de En busca de
20%
Être ému Estar emocionado / estar conmovido
20%
Féministe Feminista
20%
La recherche (scientifique) La investigación
20%
Désigner (sens de montrer) Señalar / indicar
20%
Ressentir Sentir
20%
Ne plus + verbe Ya no (+ verbe)
20%
Désigner (montrer du doigt) Apuntar
17%
Le chercheur El investigador
17%
Même Incluso / hasta / aun
17%
Ce n’est pas de ma faute No es culpa mía
17%
Être émouvant Ser emocionante / ser conmovedor
17%
Faire un tour Dar una vuelta
14%
Faire des recherches Investigar
14%
L’émergence El surgimiento / la aparición
11%
Accuser qqn de qqch Culpar a alguien de algo
0%
Faire le tour de qqch Dar la vuelta a
0%
Faire le demi-tour Dar media vuelta
0%
Se retourner Darse la vuelta
0%
Le roi lui-même / le roi en personne El propio rey / el mismo rey
0%
Le sujet (d’une phrase, en grammaire) El sujeto
0%
Vers / envers Hacia
0%
La performance (artistique) La actuación / la presentación / la demostración
0%
La faute La culpa
0%
Le théorique / neutre Lo teórico
0%
Puissant Poderoso
0%
Se ressentir / s’offenser / en vouloir à qqn Resentirse
0%
Dépasser (aller au-delà) Superar / sobrepasar
0%
Émerger / surgir (sens figuré) Surgir / aparecer
0%
Aucun quiz correspondant
Distribution des résultats
% des personnes avec chaque résultat
Percentile par nombre de réponses
Votre historique - résultats
Vous n’avez pas pris ce quiz